000 00526nam a2200181Ia 4500
005 20250326124008.0
008 250326s9999 xx 000 0 und d
037 _aTextbook
040 _aFMSL
_beng
_cFMSL
041 _aeng
_2eng
084 _aB2891obSNI K9
_qFMSL
100 _aBuchler I R
_9736573
245 0 _aGame theory in the behavioral sciences
_cBuchler I R
260 _aUSA
_bUSA, University of pittsburgh
_c1969
300 _a268p
942 _cTB
_hB2891obSNI K9
999 _c1271807
_d1271807